000 00243nam a2200109Ia 4500
005 20251222155105.0
008 251222s9999||||xx |||||||||||||| ||spa||
082 _aEMI.24
245 0 _aEmbarazo y nacimiento
264 _bNo tiene
942 _cLIB
999 _c37842
_d37842